01413nam a22002657a 450000500170000000800410001702000150005804000070007304100080008008200180008810000270010624500570013326000520019030000300024236500240027252004960029665000330079265000220082565000320084770000290087994200120090899900190092095201040093995201040104320211030102412.0211030b ||||| |||| 00| 0 eng d a8124109214 cAL aeng 223a359bSINI aAnil Kumar Singh99373 aIndia's Security Concerns in the Indian Ocean Region aNew DelhibHar Anand Publications Pvt Ltdc2003 a308 p.bHBc22x14 cm.4950 b495.00c₹d495.00 aAt the cusp of the 21st Century, the security of the Indian Ocean region continues to be confronted with boundless threats, more from non-traditional sources, that have obviously become manifold in the Post-Cold War era. These threats emanate from non-military sources like drug-trafficking, frequent cross-border terrorism, proliferation of small arms, demographic disequilibrium , spill-over effects of domestic violence, resource depletion, some ethno-religious and tribal conflicts, etc. aSea Forces and Warfare99374 aIndian Navy99375 aIndian Ocean Security99376 aSINGH (Anil Kumar)99377 2ddccGF c220302d220302 00102ddc40708OTHaALbALd2013-03-24l0o359 SINIpGF00456r2021-10-30 00:00:00w2021-10-30yGF 00102ddc40708OTHaALbALd2021-12-09l0o359 SINIpGF00538r2021-12-09 00:00:00w2021-12-09yGF